[Event "8th RTU Open 2018"]
[Site "Riga"]
[Date "2018.08.06"]
[Round "1"]
[White "Osis, Renars"]
[Black "Pultinevicius, Paulius"]
[Result "0-1"]
[WhiteElo "2157"]
[BlackElo "2452"]
[Annotator "TA"]
[PlyCount "100"]
[EventDate "2018.08.06"]
[EventType "swiss"]
[EventCountry "LAT"]
[SourceTitle "playchess.com"]
[Source "ChessBase"]
[SourceQuality "1"]

{[%evp 13,100,72,85,-176,-179,-174,-176,-187,-176,-177,-179,-253,-250,-372,-393,-366,-356,-365,-47,-55,-41,-41,134,0,0,0,0,0,0,0,0,0,0,-178,-150,-174,-34,-121,-121,-121,-122,-136,-136,-133,-129,-123,-116,-125,0,-125,-128,-111,-23,-144,-70,-135,-167,-133,-99,-467,-410,-1029,-939,-1010,-1275,-1269,-1258,-1128,-1076,-1352,-1325,-29976,-29976,-29975,-29974,-6203,0,-29967,-11543,-29976,-29976,-29975,-29975,-29983,-29985,-29984,-29985,-29983,-29982]} 1. d4 Nf6 2. Nf3 g6 3. Bf4 Bg7 4. Nc3 d5 5. Qd2 (5. Nb5 Na6 6. e3 c6 7. Nc3 O-O 8. Bxa6 bxa6 9. h3 Nd7 10. O-O Bb7 11. Na4 Rc8 12. b4 a5 13. Nc5 Nxc5 14. bxc5 {1-0 (50) Aronian,L (2797)-Vachier Lagrave,M (2793) Caleta 2018}) 5... c5 6. dxc5 {D00: 1 d4 d5: Unusual lines} Nc6 7. O-O-O O-O {LiveBook: 3 Games} 8. Nd4 $146 {[%mdl 8192]} (8. Nxd5 $16 e5 9. Bg5 (9. Nxe5 Nxd5 10. Nxc6 bxc6 $11) 9... Qxd5 10. Qxd5 Nxd5 11. Rxd5) ({Predecessor:} 8. Bh6 Qa5 9. Bxg7 Kxg7 10. e3 Bg4 11. Bb5 {0-1 (29) Vojinovic,G (2466)-Ivanisevic,I (2613) Palic 2014}) 8... Nxd4 $1 $19 9. Qxd4 Ng4 $1 10. Qxd5 Qa5 $1 11. Qf3 Bxc3 (11... Qxc5 12. h3 $14) 12. bxc3 (12. Qxc3 {keeps fighting.} Qxc3 13. bxc3 Nxf2 14. g3) 12... Qa3+ $1 ({Weaker is} 12... Qxa2 13. e4 $17) (12... Qxc5 13. Rd5 $17) 13. Kd2 (13. Kb1 $142 Be6 14. c4 Qb4+ 15. Kc1) 13... Rd8+ 14. Ke1 Rxd1+ 15. Kxd1 Bf5 $2 ({Not} 15... Qxc5 16. Ke1 $17) ({Black should play} 15... Qxa2 $19 16. e4 Be6) 16. e4 $15 Bxe4 17. Qxg4 {Bc1 is the strong threat.} Qxc3 $2 {[#]} (17... Rd8+ $1 $15 {keeps the upper hand.} 18. Bd3 Bxd3 19. cxd3 Qxc3) 18. Bd2 (18. Qd7 $1 $16) 18... Rd8 $11 {[%csl Gd8][%cal Rc3d2]} 19. Bd3 Qa1+ 20. Bc1 Bxd3 21. cxd3 {Strongly threatening Qc4.} Qc3 $40 {[%mdl 128] Black is up to no good.} 22. Bd2 Rxd3 {[%csl Gd3][%cal Rc3d2]} 23. Qf4 $2 (23. Qe2 $1 $11) 23... e5 $19 ({Worse is} 23... Qxc5 24. Re1 $14) 24. Qh6 {[#]} Qa1+ (24... Rd4 $1 $19 25. Re1 f6) 25. Kc2 {[#]} (25. Ke2 $15 Rxd2+ 26. Qxd2 Qxh1 27. Qd5) 25... Rxd2+ $1 $17 {[%mdl 512]} 26. Qxd2 (26. Kxd2 Qxh1) 26... Qxh1 {[%mdl 4096] Endgame KQ-KQ} 27. Qd8+ Kg7 28. Qd5 Qe1 29. f3 Qe2+ 30. Kc3 Qe1+ 31. Kc2 $1 Qe3 32. a4 a5 (32... Qf2+ $17 33. Kb3 Qe3+ 34. Kb4 Qe1+ 35. Kc4 Qc1+ 36. Kb3 Qa1) 33. g3 (33. c6 $1 $11 bxc6 34. Qxa5) 33... g5 (33... h5 $17 34. Kb2 g5 35. Qxb7 Qxc5) 34. h4 (34. g4 $1 $15) 34... gxh4 35. gxh4 Qf4 36. Qb3 $2 {[%mdl 8192]} (36. Qxb7 $17 {is a better chance.} Qc4+ 37. Kd2) 36... Qxh4 $19 37. Qxb7 (37. Kd1 $142) 37... Qxa4+ 38. Kb1 Qd1+ 39. Ka2 Qc2+ 40. Ka1 Qxc5 41. Qa8 h5 {[%cal Bh7h5,Bh5h4,Bh4h3][%mdl 32]} 42. Ka2 Qc2+ 43. Ka3 Qc3+ 44. Ka2 Qc2+ $2 (44... Qc4+ $19 45. Ka3 h4 46. Qxa5 Qd3+ 47. Ka2 Qe2+ 48. Kb3 Qe3+ 49. Ka2 h3) 45. Ka1 $2 {[%mdl 8192]} (45. Ka3 $11 h4 46. Qxa5 Qd3+ 47. Ka2 Qe2+ 48. Kb3) 45... h4 46. Qxa5 Qd1+ {Black mates.} 47. Ka2 Qe2+ 48. Kb1 h3 49. Qd8 Qf1+ 50. Kc2 Qg2+ {Precision: White = 26%, Black = 49%.} 0-1

[Event "8th RTU Open 2018"]
[Site "Riga"]
[Date "2018.08.06"]
[Round "1"]
[White "Agafonov, Yuri"]
[Black "Haria, Ravi"]
[Result "1/2-1/2"]
[WhiteElo "2151"]
[BlackElo "2449"]
[Annotator "TA"]
[PlyCount "111"]
[EventDate "2018.08.06"]
[EventType "swiss"]
[EventCountry "LAT"]
[SourceTitle "playchess.com"]
[Source "ChessBase"]
[SourceQuality "1"]

{[%evp 25,111,-10,-3,-17,-14,-9,0,0,0,0,52,13,21,0,0,-16,34,-47,0,-9,-5,0,0,-8,16,-64,-20,-33,-21,-171,-11,-31,16,25,45,10,101,41,47,56,45,52,50,-14,-12,0,0,0,-6,-9,-18,-27,-20,-27,-25,-35,-34,-83,-99,-90,-20,-20,-20,-20,5,5,5,5,5,6,6,6,6,6,6,6,6,6,6,0,0,0,6,0,0,0,6,0]} 1. Nf3 e6 2. c4 d5 3. e3 Nf6 4. b3 b6 5. Bb2 Bb7 6. cxd5 exd5 7. Nc3 a6 8. d4 Nbd7 9. Bd3 Bd6 10. O-O O-O 11. Rc1 {E14: Damenindisch (Zentralsystem)} Re8 12. Ne2 Qe7 13. Ng3 g6 {LiveBook: 4 Partien} 14. Rc2 Ne4 15. Qe2 {[#]} h5 $146 ({Vorgänger:} 15... f5 16. Rfc1 c5 17. Qf1 h6 18. Ne2 Kh7 {1-0 (46) Ehlvest,J (2613)-Zhigalko,S (2656) Jurmala 2013}) 16. Rfc1 h4 17. Nf1 h3 (17... c6 $11) 18. g3 c5 19. N3d2 Ndf6 20. f3 {[%cal Bf2f3,Bf3f4][%mdl 32]} Ng5 21. Qf2 (21. f4 $1 $14 Nge4 22. dxc5 bxc5 23. Re1) 21... Ne6 22. f4 $1 Ng4 23. Qe2 f5 24. Nf3 cxd4 25. Bxd4 (25. exd4 $11 Qf8 26. Qd2 (26. Ne5 Nxe5 27. fxe5 Ba3 $11)) 25... Bc5 {...Lxd4 ist eine echte Drohung.} ({Ein No Go ist} 25... Nxd4 26. exd4 Qxe2 27. Rxe2 $11) 26. Qd2 Rac8 27. Be2 (27. Qd1 $11) 27... Bb4 $2 (27... Nxd4 $19 28. exd4 Qxe2 $1 {[%mdl 512]} 29. Qxe2 Rxe2 30. Rxe2 Bxd4+ 31. Nxd4 Rxc1) 28. Bc3 Bc5 {Und ...Sxf4! würde nun gewinnen.} 29. b4 Bd6 30. a3 (30. Nh4 {seems wilder.} Qf7 31. Qd1 Nf6 32. Bxf6 Rxc2 33. Rxc2 Qxf6 34. Nxg6 Bxb4 35. Bf3) 30... d4 (30... a5 $11) 31. Bxd4 (31. Nxd4 $16 Kh7 32. Nxe6 Qxe6 33. Qd4 (33. Bxg4 fxg4 34. Qd4 Rc7 $16)) 31... Rxc2 32. Rxc2 Nxd4 33. Qxd4 Nxe3 34. Bc4+ (34. Ng5 $14 b5 {[#]} 35. Bxb5 $1 {[%mdl 512]} axb5 36. Re2) 34... Nxc4 $11 35. Qxc4+ Qe6 36. Qxe6+ $1 Rxe6 37. Ng5 Re1 38. Nxh3 a5 {Und weiter mit ...La6 wäre nett.} 39. Kf2 Ra1 40. Rd2 Bf8 41. Ng5 Rxa3 42. Rd8 Ra2+ ({Lieber} 42... axb4 $17 {Droht ...b3 und aus.} 43. Rb8 Ra2+ 44. Ke1 Ba6) 43. Nd2 {Die Stellung ist ausgeglichen.} axb4 {Schwarz will ...Ta8 spielen.} 44. Ne6 Kf7 $132 {[%mdl 2048] Schwarz is not keeping still} 45. Nxf8 {Schwarz muss nun Sh7 beachten.} Ke7 46. Rb8 Rxd2+ {[%mdl 4096] Endspiel KTL-KTS} 47. Ke3 Rxh2 {Droht stark ...Le4.} 48. Nxg6+ Kf6 49. Nh4 Be4 50. Rxb6+ Kf7 51. Rxb4 Rh3 52. Kf2 Rh2+ 53. Ke3 Rh3 54. Kf2 Rh2+ 55. Ke3 Rh3 56. Rxe4 {Precision: Weiß = 41%, Schwarz = 44%.} 1/2-1/2

[Event "8th RTU Open 2018"]
[Site "Riga"]
[Date "2018.08.06"]
[Round "1"]
[White "Narva, Jaan"]
[Black "Cruz Lledo, Pablo"]
[Result "0-1"]
[WhiteElo "2136"]
[BlackElo "2432"]
[Annotator "TA"]
[PlyCount "126"]
[EventDate "2018.08.06"]
[EventType "swiss"]
[EventCountry "LAT"]
[SourceTitle "playchess.com"]
[Source "ChessBase"]
[SourceQuality "1"]

{[%evp 21,126,26,29,35,25,23,66,46,62,48,95,3,11,0,0,-67,-60,-68,-76,-209,-139,-142,-141,-133,-140,-257,-83,-89,-82,-83,-83,-163,-117,-122,-85,-90,-83,-106,-96,-190,-174,-189,-185,-195,-188,-195,-197,-197,-196,-187,-159,-171,-18,-14,-14,-54,-54,-72,-28,-28,-28,-28,-29,-29,-7,-7,-7,-48,-53,-54,-54,-104,-104,-104,-104,-104,-104,-104,-85,-85,-85,-85,-85,-85,-15,-23,-20,-166,-166,-166,-166,-165,-165,-165,-165,-159,-159,-285,-285,-29979,-881,-29983,-29984,-29984,-29985,-29986,-29987]} 1. Nf3 d5 2. d4 e6 3. g3 Nf6 4. Bg2 Be7 5. O-O O-O 6. c4 b6 7. Nc3 Bb7 8. cxd5 Nxd5 9. Nxd5 Bxd5 10. Qc2 Na6 11. a3 c5 12. e4 {E18: Queen's Indian: Old Main Line (4 g3 Bb7 5 Bg2 Be7 6 0-0 0-0 7 Nc3)} Bb7 13. Rd1 cxd4 14. Nxd4 {White is slightly better.} Rc8 15. Qe2 {Hoping for Nxe6!} Qc7 16. Bf4 $146 (16. Nb5 $16 Qc2 17. Qxc2 Rxc2 18. Rd7) ({Predecessor:} 16. b4 Qb8 17. Bb2 Rfd8 18. Qg4 Bf8 19. h4 Nc7 {1-0 (41) Kapp,M (2072)-Kornrumpf,J (2121) Berlin 2008}) 16... e5 $11 17. Rac1 Nc5 18. b4 (18. Nb5 $11 Qb8 19. Be3) 18... exf4 $15 19. bxc5 Bxc5 20. Nb5 (20. Nb3 $17 {was worth a try.}) 20... Ba6 21. a4 fxg3 22. hxg3 Qe5 23. Kh2 (23. Qd2 $17) 23... Rfd8 $2 (23... Rc6 $19 {and Black stays clearly on top. ...Rh6+ is the strong threat.} 24. Bf3 Bb7) 24. Bh3 Rxd1 25. Rxd1 Re8 26. f3 (26. Rd7 $17 {was necessary.}) 26... g6 27. Qc2 Bxb5 28. axb5 h5 {[%cal Bh7h5,Bh5h4][%mdl 32]} 29. Rd5 Qa1 {[%csl Gc5][%cal Ra1g1]} 30. Bg2 {[#]} (30. Rd1 $17 Qh8 31. Bd7) 30... h4 $1 $36 {[%mdl 2560] Black has strong initiative.} 31. Qd1 (31. gxh4 Qe1) 31... Qf6 32. Qd2 {[#]} hxg3+ $1 33. Kxg3 Kg7 34. f4 Rh8 35. Kf3 Rh2 36. Rg5 Rh5 $2 (36... Rh7 $19 {Threatens to win with ...Rh8.} 37. Rg3 Rh8) 37. Rxh5 gxh5 38. Bh3 Qa1 39. Kg3 Qa3+ 40. Kh2 Be3 41. Qg2+ Kf8 42. Qg5 $1 Qd6 43. Kg3 Bd2 44. Bg2 Be1+ 45. Kh2 h4 46. Kh3 Qd7+ 47. Qf5 Qd3+ 48. Kh2 Bg3+ 49. Kh3 Bxf4+ 50. Kxh4 Qg3+ 51. Kh5 Qxg2 52. Qxf4 $17 {[%mdl 4096] Endgame KQ-KQ} Qe2+ (52... Qh1+ $17 53. Kg5 Qg1+ 54. Kh4 Qc5 55. Qb8+ Kg7) 53. Kh6 $11 Qxb5 54. Qd6+ (54. Qc7 $1 $11 {and White is okay.}) 54... Ke8 $19 {Strongly threatening ...a5.} 55. Qb8+ Ke7 {aiming for ...a5.} 56. Qxa7+ Kf6 57. Qa1+ Qe5 58. Qf1+ Ke7 {( -> ...Qf6+)} 59. Qb1 (59. Qa6 $17 {only move.}) 59... b5 60. Kh7 $2 {[#]} (60. Qe1 $19) 60... f5 $1 {[%mdl 512]} 61. exf5 Kf6 {Black mates.} 62. Qg1 Qxf5+ 63. Kg8 Qg6+ {Precision: White = 41%, Black = 52%.} 0-1

[Event "8th RTU Open 2018"]
[Site "Riga"]
[Date "2018.08.06"]
[Round "1"]
[White "Poysti, Nathanael Nicolai"]
[Black "Yankelevich, Lev"]
[Result "0-1"]
[WhiteElo "2136"]
[BlackElo "2420"]
[Annotator "NA RC"]
[PlyCount "94"]
[EventDate "2018.08.06"]
[EventType "swiss"]
[EventCountry "LAT"]
[SourceTitle "playchess.com"]
[Source "ChessBase"]
[SourceQuality "1"]
[TimeControl "5400+30"]

1. e4 {[%emt 0:00:00]} e5 {[%emt 0:00:00]} 2. Nf3 {[%emt 0:00:00]} Nc6 {[%emt 0:00:00]} 3. d4 {[%emt 0:00:00]} exd4 {[%emt 0:00:00]} 4. Bc4 {[%emt 0:00:00]} Nf6 {[%emt 0:01:48]} 5. e5 {[%emt 0:00:00]} d5 {[%emt 0:00:16]} 6. Bb5 {[%emt 0:00:04]} Ne4 {[%emt 0:00:14]} 7. Nxd4 {[%emt 0:00:40]} Bc5 {[%emt 0:01:18]} 8. O-O {[%emt 0:02:09]} O-O {[%emt 0:03:53]} 9. Nxc6 {[%emt 0:05:57]} bxc6 {[%emt 0:01:43]} 10. Bd3 {[%emt 0:13:18]} f5 {[%emt 0:06:18]} 11. Nd2 {[%emt 0:19:09]} Qe7 {[%emt 0:15:09]} 12. Nf3 {[%emt 0:03:48]} g5 {[%emt 0:09:40]} 13. Bxe4 {[%emt 0:11:21]} fxe4 {[%emt 0:00:04]} 14. Bxg5 {[%emt 0:00:37]} Qe8 {[%emt 0:00:27]} 15. Nd4 {[%emt 0:03:06]} Qg6 {[%emt 0:08:05]} 16. Bf6 {[%emt 0:01:57]} Bh3 {[%emt 0:20:32]} 17. g3 {[%emt 0:00:06]} Bxf1 {[%emt 0:02:15]} 18. Kxf1 {[%emt 0:00:54]} Rxf6 {[%emt 0:01:14]} 19. exf6 {[%emt 0:00:15]} Qxf6 {[%emt 0:00:34]} 20. c3 {[%emt 0:00:15]} Rf8 {[%emt 0:00:30]} 21. Qd2 {[%emt 0:03:26]} Bb6 {[%emt 0:00:08]} 22. b4 {[%emt 0:00:21]} c5 {[%emt 0:00:52]} 23. bxc5 {[%emt 0:01:37]} Bxc5 {[%emt 0:00:05]} 24. Rd1 {[%emt 0:07:57]} Bb6 {[%emt 0:00:13]} 25. Re1 {[%emt 0:05:24]} c5 {[%emt 0:00:26]} 26. Nc2 {[%emt 0:00:40]} Qe6 {[%emt 0:03:26]} 27. Qe3 {[%emt 0:11:40]} Qh3+ {[%emt 0:01:56]} 28. Kg1 {[%emt 0:00:15]} Rf5 {[%emt 0:00:07]} 29. f4 {[%emt 0:01:51]} Rf8 {[%emt 0:10:25]} 30. c4 {[%emt 0:01:59]} Qf5 {[%emt 0:00:04]} 31. Kg2 {[%emt 0:00:36]} Ba5 {[%emt 0:02:33]} 32. Re2 {[%emt 0:00:25]} d4 {[%emt 0:00:04]} 33. Qxe4 {[%emt 0:00:09]} Qxe4+ {[%emt 0:00:31]} 34. Rxe4 {[%emt 0:00:03]} Rb8 {[%emt 0:00:02]} 35. Ne1 {[%emt 0:04:39]} Rb4 {[%emt 0:01:11]} 36. Nd3 {[%emt 0:00:27]} Rxc4 {[%emt 0:00:05]} 37. Re5 {[%emt 0:00:48]} Bb6 {[%emt 0:00:22]} 38. Re8+ {[%emt 0:00:41]} Kg7 {[%emt 0:00:05]} 39. Ne5 {[%emt 0:00:13]} Rc2+ {[%emt 0:00:25]} 40. Kf3 {[%emt 0:00:08]} c4 {[%emt 0:00:53]} 41. g4 {[%emt 0:00:04]} d3 {[%emt 0:00:10]} 42. g5 {[%emt 0:00:39]} Rf2+ {[%emt 0:00:13]} 43. Ke4 {[%emt 0:01:59]} d2 {[%emt 0:00:03]} 44. Re7+ {[%emt 0:00:07]} Kf8 {[%emt 0:00:28]} 45. Rd7 {[%emt 0:01:48]} c3 {[%emt 0:00:23]} 46. Ng4 {[%emt 0:00:21]} Re2+ {[%emt 0:00:34]} 47. Kf5 {[%emt 0:00:06]} Re7 {[%emt 0:00:04]} 0-1

[Event "8th RTU Open 2018"]
[Site "Riga"]
[Date "2018.08.06"]
[Round "1"]
[White "Sanchez Ruesga, Hector"]
[Black "Ruiz Castillo, Joshua Daniel"]
[Result "0-1"]
[WhiteElo "2134"]
[BlackElo "2415"]
[Annotator "NA"]
[PlyCount "110"]
[EventDate "2018.08.06"]
[EventType "swiss"]
[EventCountry "LAT"]
[SourceTitle "playchess.com"]
[Source "ChessBase"]
[SourceQuality "1"]
[TimeControl "5400+30"]

1. d4 {[%emt 0:00:00]} Nf6 {[%emt 0:00:01]} 2. c4 {[%emt 0:00:10]} e6 {[%emt 0:00:11]} 3. g3 {[%emt 0:00:25]} d5 {[%emt 0:00:07]} 4. Bg2 {[%emt 0:00:11]} Bb4+ {[%emt 0:00:05]} 5. Bd2 {[%emt 0:00:18]} Be7 {[%emt 0:00:07]} 6. Nf3 {[%emt 0:00:45]} O-O {[%emt 0:00:06]} 7. O-O {[%emt 0:00:27]} Nbd7 {[%emt 0:00:31]} 8. cxd5 {[%emt 0:00:36]} exd5 {[%emt 0:00:07]} 9. Nc3 {[%emt 0:00:46]} c6 {[%emt 0:00:10]} 10. Bf4 {[%emt 0:01:13]} Re8 {[%emt 0:00:42]} 11. Ne5 {[%emt 0:07:35]} Nf8 {[%emt 0:05:05]} 12. f3 {[%emt 0:05:51]} Bd6 {[%emt 0:17:50]} 13. Nd3 {[%emt 0:03:39]} Ne6 {[%emt 0:00:24]} 14. Be3 {[%emt 0:09:15]} Bc7 {[%emt 0:10:48]} 15. Bf2 {[%emt 0:00:45]} Bb6 {[%emt 0:00:06]} 16. e3 {[%emt 0:04:55]} Ng5 {[%emt 0:00:57]} 17. Nf4 {[%emt 0:06:29]} Bc7 {[%emt 0:00:18]} 18. Kh1 {[%emt 0:01:13]} h5 {[%emt 0:04:19]} 19. Qd2 {[%emt 0:05:11]} Bf5 {[%emt 0:01:52]} 20. Rae1 {[%emt 0:02:34]} Qd7 {[%emt 0:05:58]} 21. Nce2 {[%emt 0:06:09]} Nh3 {[%emt 0:03:33]} 22. Nxh3 {[%emt 0:03:36]} Bxh3 {[%emt 0:01:04]} 23. Qd3 {[%emt 0:04:15]} Bf5 {[%emt 0:13:14]} 24. Qd2 {[%emt 0:00:08]} Bh3 {[%emt 0:03:26]} 25. Qd3 {[%emt 0:00:08]} Ba5 {[%emt 0:08:43]} 26. Nc3 {[%emt 0:01:19]} Bf5 {[%emt 0:00:12]} 27. Qd2 {[%emt 0:04:04]} Bh3 {[%emt 0:02:10]} 28. Qd3 {[%emt 0:00:55]} Re7 {[%emt 0:02:05]} 29. a3 {[%emt 0:00:19]} Rae8 {[%emt 0:00:23]} 30. b4 {[%emt 0:00:36]} Bc7 {[%emt 0:00:04]} 31. Bg1 {[%emt 0:09:15]} Nh7 {[%emt 0:00:45]} 32. Qc2 {[%emt 0:04:54]} Bxg2+ {[%emt 0:03:44]} 33. Qxg2 {[%emt 0:00:42]} f5 {[%emt 0:00:02]} 34. Rb1 {[%emt 0:01:32]} a6 {[%emt 0:01:11]} 35. Rfc1 {[%emt 0:00:25]} Re6 {[%emt 0:01:19]} 36. Qc2 {[%emt 0:01:19]} Rh6 {[%emt 0:00:30]} 37. a4 {[%emt 0:05:03]} h4 {[%emt 0:01:02]} 38. gxh4 {[%emt 0:00:16]} Rxh4 {[%emt 0:00:07]} 39. b5 {[%emt 0:01:30]} axb5 {[%emt 0:00:05]} 40. axb5 {[%emt 0:00:06]} Re6 {[%emt 0:01:50]} 41. bxc6 {[%emt 0:01:58]} bxc6 {[%emt 0:00:00]} 42. Rb7 {[%emt 0:03:07]} Qd8 {[%emt 0:04:14]} 43. Ra1 {[%emt 0:01:33]} Reh6 {[%emt 0:02:01]} 44. f4 {[%emt 0:02:09]} Nf6 {[%emt 0:02:12]} 45. Raa7 {[%emt 0:00:38]} Ne8 {[%emt 0:00:01]} 46. Qxf5 {[%emt 0:00:17]} Nd6 {[%emt 0:00:07]} 47. Qb1 {[%emt 0:00:13]} Nxb7 {[%emt 0:00:05]} 48. Qxb7 {[%emt 0:00:34]} Rg4 {[%emt 0:01:06]} 49. Qxc7 {[%emt 0:00:26]} Qh4 {[%emt 0:00:08]} 50. Qf7+ {[%emt 0:01:21]} Kh7 {[%emt 0:00:04]} 51. Qf5+ {[%emt 0:01:10]} Rhg6 {[%emt 0:00:36]} 52. Ne2 {[%emt 0:00:30]} Qh3 {[%emt 0:00:07]} 53. Ng3 {[%emt 0:02:05]} Rxg3 {[%emt 0:00:04]} 54. Qxh3+ {[%emt 0:00:05]} Rxh3 {[%emt 0:00:02]} 55. Rc7 {[%emt 0:01:12]} Rf3 {[%emt 0:00:07]} 0-1

[Event "8th RTU Open 2018"]
[Site "Riga"]
[Date "2018.08.06"]
[Round "1"]
[White "Zhukov, Anton"]
[Black "Berzinsh, Roland"]
[Result "1/2-1/2"]
[WhiteElo "2129"]
[BlackElo "2408"]
[Annotator "NA"]
[PlyCount "117"]
[EventDate "2018.08.06"]
[EventType "swiss"]
[EventCountry "LAT"]
[SourceTitle "playchess.com"]
[Source "ChessBase"]
[SourceQuality "1"]
[TimeControl "5400+30"]

1. d4 {[%emt 0:00:00]} d5 {[%emt 0:00:00]} 2. c4 {[%emt 0:00:00]} dxc4 {[%emt 0:00:00]} 3. e4 {[%emt 0:00:00]} Nc6 {[%emt 0:00:11]} 4. Be3 {[%emt 0:08:14]} Nf6 {[%emt 0:00:30]} 5. Nc3 {[%emt 0:02:56]} e5 {[%emt 0:00:24]} 6. d5 {[%emt 0:01:15]} Na5 {[%emt 0:00:16]} 7. Qa4+ {[%emt 0:05:37]} c6 {[%emt 0:02:50]} 8. dxc6 {[%emt 0:00:55]} Nxc6 {[%emt 0:00:08]} 9. Rd1 {[%emt 0:02:29]} Bd7 {[%emt 0:04:46]} 10. Qxc4 {[%emt 0:04:46]} Rc8 {[%emt 0:00:50]} 11. Qd3 {[%emt 0:06:30]} Ng4 {[%emt 0:25:44]} 12. Bg5 {[%emt 0:08:33]} Be7 {[%emt 0:07:30]} 13. Bxe7 {[%emt 0:00:27]} Qxe7 {[%emt 0:00:07]} 14. Be2 {[%emt 0:00:35]} Nf6 {[%emt 0:00:07]} 15. Nf3 {[%emt 0:01:05]} O-O {[%emt 0:00:14]} 16. O-O {[%emt 0:00:07]} Bg4 {[%emt 0:03:09]} 17. Nd2 {[%emt 0:12:18]} Rfd8 {[%emt 0:02:11]} 18. Qb1 {[%emt 0:01:00]} Nd4 {[%emt 0:11:36]} 19. Bxg4 {[%emt 0:00:47]} Nxg4 {[%emt 0:00:08]} 20. h3 {[%emt 0:03:50]} Nf6 {[%emt 0:04:50]} 21. Rfe1 {[%emt 0:04:53]} Qb4 {[%emt 0:01:54]} 22. Nf1 {[%emt 0:02:37]} g6 {[%emt 0:03:57]} 23. Ne3 {[%emt 0:00:19]} Kg7 {[%emt 0:00:06]} 24. Ned5 {[%emt 0:01:09]} Nxd5 {[%emt 0:00:11]} 25. Nxd5 {[%emt 0:00:36]} Qc4 {[%emt 0:04:51]} 26. Qd3 {[%emt 0:06:13]} Qxd3 {[%emt 0:02:21]} 27. Rxd3 {[%emt 0:00:02]} Rc2 {[%emt 0:00:14]} 28. Rb1 {[%emt 0:00:06]} f5 {[%emt 0:03:13]} 29. Re3 {[%emt 0:07:10]} Ne2+ {[%emt 0:01:58]} 30. Kf1 {[%emt 0:00:33]} Nf4 {[%emt 0:00:07]} 31. Nxf4 {[%emt 0:01:41]} exf4 {[%emt 0:00:23]} 32. Rc3 {[%emt 0:01:30]} Rdd2 {[%emt 0:01:04]} 33. Rxc2 {[%emt 0:00:06]} Rxc2 {[%emt 0:00:05]} 34. exf5 {[%emt 0:00:05]} g5 {[%emt 0:02:39]} 35. Rd1 {[%emt 0:02:19]} Rxb2 {[%emt 0:00:41]} 36. Rd7+ {[%emt 0:00:06]} Kf6 {[%emt 0:00:09]} 37. Rxh7 {[%emt 0:00:07]} a5 {[%emt 0:03:44]} 38. a4 {[%emt 0:01:08]} Kxf5 {[%emt 0:00:20]} 39. g3 {[%emt 0:01:41]} Ke4 {[%emt 0:01:56]} 40. Rc7 {[%emt 0:01:23]} Rb1+ {[%emt 0:04:10]} 41. Kg2 {[%emt 0:03:36]} f3+ {[%emt 0:00:12]} 42. Kh2 {[%emt 0:00:07]} Rf1 {[%emt 0:04:01]} 43. Re7+ {[%emt 0:05:59]} Kd4 {[%emt 0:00:32]} 44. g4 {[%emt 0:01:13]} Rxf2+ {[%emt 0:00:23]} 45. Kg3 {[%emt 0:00:05]} Ra2 {[%emt 0:02:34]} 46. Kxf3 {[%emt 0:00:47]} Ra3+ {[%emt 0:00:04]} 47. Kg2 {[%emt 0:00:37]} Rxa4 {[%emt 0:00:05]} 48. Rxb7 {[%emt 0:00:05]} Rb4 {[%emt 0:00:19]} 49. Rg7 {[%emt 0:01:14]} Rb5 {[%emt 0:01:34]} 50. Ra7 {[%emt 0:00:52]} Kc4 {[%emt 0:00:34]} 51. h4 {[%emt 0:00:24]} Kb4 {[%emt 0:03:24]} 52. hxg5 {[%emt 0:02:34]} Rxg5 {[%emt 0:00:53]} 53. Kg3 {[%emt 0:00:05]} a4 {[%emt 0:00:11]} 54. Kf4 {[%emt 0:00:14]} Ra5 {[%emt 0:01:03]} 55. Rxa5 {[%emt 0:01:48]} Kxa5 {[%emt 0:00:05]} 56. g5 {[%emt 0:00:05]} a3 {[%emt 0:00:06]} 57. g6 {[%emt 0:00:03]} a2 {[%emt 0:00:05]} 58. g7 {[%emt 0:00:03]} a1=Q {[%emt 0:00:06]} 59. g8=Q {[%emt 0:00:06]} 1/2-1/2